| 000 | 00638nam a22002177a 4500 | ||
|---|---|---|---|
| 999 |
_c15641 _d15641 |
||
| 003 | MIRAKIL | ||
| 005 | 20240313134051.0 | ||
| 008 | 240313b tu ||||| |||| 00| 0 tur d | ||
| 020 | _a9789751611321 | ||
| 040 |
_aTR-AnCHP _cTR-AnCHP |
||
| 041 | _atur | ||
| 082 |
_aATA 956.102 _bE67n 2022 |
||
| 100 | _aErsoylu, Halil | ||
| 245 | 1 | 0 |
_aNutuk üzerinde incelemeler/ _cHalil Ersoylu. |
| 250 | _a2. bs. | ||
| 260 |
_aİstanbul _bTürk Dil Kurumu _c2022 |
||
| 300 |
_a307 s. _c24 cm. |
||
| 650 | 0 |
_97636 _aNutuk _xinceleme |
|
| 856 | _zDijital Nüshası için Partimizin Kütüphane Sorumlusu ile iletişime geçiniz. | ||
| 942 |
_2ddc _cBKS |
||